LDR 00821naa#a2200181#i#450# 001 EN\\bibl\118775 005 20260419141946.7 011 ## _a1994-4683 100 ## _a20230428b2023####ek#y0engy0150####ca 102 ## _aRU 200 1# _aWAYS TO IMPROVE THE MUSICAL AND RHYTHMIC TRAINING OF SCHOOLGIRLS OF 9-10 YEARS OLD _eJournal article 210 1# _aMoscow _cNational State University of Physical Education, Sports and Health named after P.F. Lesgaft _d2023 215 ## _a2 с. 608 ## _aJournal article _2local 675 ## _aМетодика физического воспитания. Пути и средства физического воспитания. Учебные заведения физической культуры. 796.011.3 _z 700 #1 _aCHertikhina _gN A 700 #1 _aCHoporova _gE V 856 4# _auchzapiski.lesgaft.spb.ru _u